Broadway Girls-Morgan Wallen Ft. Lil Durk - Statistics

General Stats
  • This quiz has been taken 28 times
  • The average score is 282 of 451
Answer Stats
Answer % Correct
a
100%
I
96%
i
96%
me
92%
At
83%
at
83%
Broadway
83%
broadway
83%
Girls
83%
girls
83%
her
83%
she
83%
that
83%
the
83%
to
83%
Alone
79%
alone
79%
dont
79%
down
79%
Two
79%
two
79%
you
79%
and
75%
met
75%
them
75%
then
75%
love
71%
away
67%
in
67%
leave
67%
now
67%
on
67%
said
67%
stay
67%
been
63%
Deep
63%
go
63%
home
63%
like
63%
mile
63%
my
63%
My
63%
only
63%
right
63%
saw
63%
they
63%
things
63%
too
63%
went
63%
Aldeans
58%
bar
58%
Bud
58%
crazy
58%
dance
58%
find
58%
gonna
58%
if
58%
it
58%
just
58%
kinda
58%
out
58%
since
58%
smile
58%
way
58%
about
54%
ass
54%
puttin
54%
know
54%
Lights
54%
number
54%
phone
54%
smarter
54%
Smarter
54%
take
54%
theres
54%
took
54%
walkin
54%
was
54%
around
50%
chance
50%
drunk
50%
ever
50%
get
50%
had
50%
im
50%
Im
50%
ive
50%
shes
50%
trap
50%
what
50%
found
46%
have
46%
horse
46%
oh
46%
rap
46%
sayin
46%
this
46%
told
46%
wanna
46%
youre
46%
AM
42%
baby
42%
em
42%
for
42%
join
42%
morgan
42%
shed
42%
bean
38%
ed
38%
forever
38%
lost
38%
mean
38%
money
38%
pink
38%
see
38%
trust
38%
back
33%
but
33%
can
33%
of
33%
with
33%
drink
29%
finness
29%
Ida
29%
ida
29%
not
29%
run
29%
tell
29%
trenches
29%
buy
25%
cigar
25%
cant
21%
got
21%
into
21%
listen
21%
savage
21%
stayed
21%
tryna
21%
bull
17%
hometown
17%
is
17%
jump
17%
settle
17%
somethin
17%
beer
13%
lone
13%
think
13%
town
13%
treat
13%
turnin
13%
boots
8%
london
8%
nothin
8%
ridin
8%
stars
8%
whoa
8%
woah
8%
cars
4%
cool
4%
pool
4%
tecovas
4%
usually
4%
oghta
0%
porches
0%
No matching quizzes found
Score Distribution
Percent of People with Each Score
Percentile by Number Answered
Your Score History
You have not taken this quiz